| 000 | 01244nam a22002897a 4500 | ||
|---|---|---|---|
| 003 | OSt | ||
| 005 | 20230508144454.0 | ||
| 007 | cr ||||||a|c|a | ||
| 008 | 230217s mx o|||fom||| 001 0 spa d | ||
| 040 | _erda | ||
| 100 | 1 |
_9186016 _aAyala Montejo, Juan José |
|
| 245 | 1 |
_aMedios de vida y benefio financiero de los productores de café orgánico en el estado de Veracruz, México / _cpor Juan José Ayala Montejo; director de tesis Benigno Rodríguez Padrón |
|
| 264 | 1 |
_aChapingo, México : _bEl autor, _c2021. |
|
| 300 | _a1 recurso en línea (146 páginas). | ||
| 336 |
_2rdacontent _atexto _btxt |
||
| 337 |
_2rdamedia _acomputadora _bc |
||
| 338 |
_2rdacarrier _arecurso en línea _bcr |
||
| 502 |
_bMCDRR _cCentros Regionales _d2021 _gMAE |
||
| 504 | _aIncluye referencias bibliográficas: páginas-77-86 | ||
| 650 | 2 |
_917120 _aCafé _xCostos de producción |
|
| 650 | 2 |
_9127317 _aCafé _xMercadeo _zVeracruz |
|
| 650 | 2 |
_9125706 _aCafé orgánico _xMercadeo |
|
| 650 | 2 |
_9135063 _aCafé _xProducción _zVeracruz |
|
| 700 | 1 |
_998767 _aRodríguez Padrón, Benigno _eDirector de tesis |
|
| 856 |
_uhttp://10.13.5.2/tesis/tm/2021_CR_Ayala_Montejo_JuanJose.pdf _zDESCARGAR PDF |
||
| 942 |
_2Clasificación Universidad Autónoma Chapingo _cTD |
||
| 999 |
_c218373 _d218373 |
||